Southville International School and Colleges
Your cart is empty.
  • Cart
  • Lists
    Public lists Eva Luna New books Lux_list list_1
    Your lists Log in to create your own lists
  • Log in to your account
  • Your cookies
  • Search history
Southville International School and Colleges
  • Advanced search
  • Recent comments
  • Most popular
  • Libraries

Log in to your account

Log in with GOOGLE


If you do not have an external account, but do have a local account, you can still log in:

  1. Home
  2. MARC view: Goosebumps : stay out of the basement
Normal view MARC view ISBD view

Goosebumps : stay out of the basement (Record no. 365486)

[ view plain ]
MARC details
000 -LEADER
fixed length control field 00481nam a22001817a 4500
003 - CONTROL NUMBER IDENTIFIER
control field 0
005 - DATE AND TIME OF LATEST TRANSACTION
control field 20231006132339.0
008 - FIXED-LENGTH DATA ELEMENTS--GENERAL INFORMATION
fixed length control field 231006b xxu||||| |||| 00| 0 eng d
020 ## - INTERNATIONAL STANDARD BOOK NUMBER
International Standard Book Number 978-1-407157-48-1
050 ## - LIBRARY OF CONGRESS CALL NUMBER
Classification number PZ 7
Item number .St859 2015
100 ## - MAIN ENTRY--PERSONAL NAME
Personal name Stine, R.L.
245 ## - TITLE STATEMENT
Title Goosebumps : stay out of the basement
Statement of responsibility, etc R.L. Stine
260 ## - PUBLICATION, DISTRIBUTION, ETC. (IMPRINT)
Place of publication, distribution, etc London
Name of publisher, distributor, etc Scholastic , Inc.
Date of publication, distribution, etc c2015.
300 ## - PHYSICAL DESCRIPTION
Extent 121 pages ;
Other physical details 20 cm.
500 ## - GENERAL NOTE
General note Fiction.
650 ## - SUBJECT ADDED ENTRY--TOPICAL TERM
Topical term or geographic name as entry element Fiction.
942 ## - ADDED ENTRY ELEMENTS (KOHA)
Source of classification or shelving scheme Library of Congress Classification
Koha item type Books
Holdings
Withdrawn status Lost status Source of classification or shelving scheme Damaged status Home library Current library Shelving location Date acquired Source of acquisition Sub Shelving location Total Checkouts Full call number Barcode Date last seen Price effective from Koha item type
    Library of Congress Classification   Luxembourg Library Luxembourg Library Kids Fiction Section 10/06/2023 Library Fund     PZ 7 .St859 2015 21126 10/06/2023 10/06/2023 Books

Goosebumps : stay out of the basement

APA

Stine R., . (2015). Goosebumps : stay out of the basement. London: Scholastic , Inc.

Chicago

Stine R.L, . 2015. Goosebumps : stay out of the basement. London: Scholastic , Inc.

Harvard

Stine R., . (2015). Goosebumps : stay out of the basement. London: Scholastic , Inc.

MLA

Stine R.L, . Goosebumps : stay out of the basement. London: Scholastic , Inc. 2015.

  • Place hold
  • Print
  • Cite
  • Add to your cart (remove)
  • Save record
    BIBTEX Dublin Core MARCXML MARC (non-Unicode/MARC-8) MARC (Unicode/UTF-8) MARC (Unicode/UTF-8, Standard) MODS (XML) RIS
  • More searches
    Search for this title in:
    Other Libraries (WorldCat) Other Databases (Google Scholar) Online Stores (Bookfinder.com) Open Library (openlibrary.org)

Exporting to Dublin Core...

SOUTHVILLE LIBRARY

Southville International School and Colleges Library

1281 Tropical Ave. Cor. Luxembourg St., BF Homes International, Las Pinas City

Tel. No. 8256374 / 252358 Loc. 117/146

Powered by Koha